|
|
|
|
| LEADER |
00000nab a2200000 a 4500 |
| 001 |
vtls000900533 |
| 003 |
SK-MaSNL |
| 005 |
20260304181235.0 |
| 008 |
040720e19990430xo 0 slo |
| 035 |
|
|
|a KE9530
|
| 040 |
|
|
|a KEVKJB
|b slo
|c KEVKJB
|e AACR2
|
| 041 |
0 |
|
|a slo
|
| 044 |
|
|
|a xo
|c SK
|
| 080 |
|
|
|a 885.4-1
|2 1981
|
| 080 |
|
|
|a 929
|2 1981
|
| 100 |
0 |
|
|a pigi
|4 aut
|9 1511305
|
| 245 |
1 |
0 |
|a Zahynul Jožo Urban
|
| 590 |
|
|
|a Urban, Jozef 1964-1999
|b básnik, textár, 29.11.1964-28.4.1999
|
| 600 |
1 |
7 |
|a Urban, Jozef,
|d 1964-1999
|2 KEVKJB
|9 101881
|
| 650 |
0 |
7 |
|a slovenská literatúra
|2 KEVKJB
|9 1115
|
| 650 |
0 |
7 |
|a nekrológy
|2 KEVKJB
|9 28957
|
| 651 |
|
7 |
|a Košice (Slovensko)
|2 KEVKJB
|9 18694
|
| 651 |
|
7 |
|a KE,
|2 KEVKJB
|9 877256
|
| 655 |
|
7 |
|a periodikum
|2 snkbucl
|9 29553
|
| 773 |
0 |
8 |
|t Košický večer
|g Roč. 10
|g Roč. 31, č.82, 30.4.1999, s. 2
|
| 852 |
|
|
|a ZVYKNI
|b KIS3GCP
|
| 999 |
|
|
|c 3022721
|d 3024651
|